CITYSCAPE IN THE ERA OF INFORMATION AND COMMUNICATION TECHNOLOGIES (Record no. 13045)
[ view plain ]
| 000 -LEADER | |
|---|---|
| fixed length control field | 00342 a2200133 4500 |
| 003 - CONTROL NUMBER IDENTIFIER | |
| control field | OSt |
| 005 - DATE AND TIME OF LATEST TRANSACTION | |
| control field | 20250807153146.0 |
| 008 - FIXED-LENGTH DATA ELEMENTS--GENERAL INFORMATION | |
| fixed length control field | 250807b ||||| |||| 00| 0 eng d |
| 020 ## - INTERNATIONAL STANDARD BOOK NUMBER | |
| International Standard Book Number | 9783319887975 |
| 100 ## - MAIN ENTRY--PERSONAL NAME | |
| Personal name | DOREEN YARWOOD |
| 245 ## - TITLE STATEMENT | |
| Title | CITYSCAPE IN THE ERA OF INFORMATION AND COMMUNICATION TECHNOLOGIES |
| 260 ## - PUBLICATION, DISTRIBUTION, ETC. (IMPRINT) | |
| Name of publisher, distributor, etc | SPRINGER |
| 942 ## - ADDED ENTRY ELEMENTS (KOHA) | |
| Source of classification or shelving scheme | |
| Withdrawn status | Lost status | Source of classification or shelving scheme | Damaged status | Koha normalized classification for sorting | Not for loan | Permanent location | Current location | Date acquired | Source of acquisition | Cost, normal purchase price | Full call number | Barcode | Date last seen | Cost, replacement price | Price effective from | Koha item type |
|---|---|---|---|---|---|---|---|---|---|---|---|---|---|---|---|---|
| 720_285000000000000 | BMS College of Architecture, Design and Planning | BMS College of Architecture, Design and Planning | 2025-02-06 | 1 | 7131.79 | 720.285 | AR-UG4758 | 2025-02-06 | 9509.05 | 2025-02-06 | B.PLAN |